000 00686nam a2200217Ia 4500
003 GCL
008 140319s9999 xx 000 0 ara d
040 _aGCL /
_cGCL
082 0 4 _a109
_bع ش
100 1 _aعثمان امين (مترجم)
245 1 0 _aشخصيات ومذاهب فلسفية /
_cعثمان امين (مترجم)
260 _a[S.N] :
_bدار الكاتب العربى للطباعة والنشر
300 _a155 ص
490 _a
650 0 4 _aالفلسفة الاسلامية
650 0 4 _aالفلسفة
650 0 4 _aالفلسفة اليونانية
650 0 4 _aالفلسفة الاوربية
650 0 4 _aتاريخ ونقد
942 _2ddc
_cBK
999 _c32387
_d32387